Thuế thực hành : (Lý thuyết, Bài tập và bài giải)

Sách trình bày tổng quan về thuế, hệ thống các thuế gián thu và trực thu, phí và lệ phí, quản lý thuế và xử lý vi phạm pháp luật về thuế và các bài tập thực hành.

Đã lưu trong:
Bibliografiske detaljer
Hovedforfatter: Nguyễn, Thị Mỹ Linh
Format: Bog
Sprog:Undetermined
Udgivet: Hà Nội Thống kê 2008
Fag:
Tags: Tilføj Tag
Ingen Tags, Vær først til at tagge denne postø!
Thư viện lưu trữ: Trung tâm Học liệu Trường Đại học Cần Thơ
LEADER 00925nam a2200229Ia 4500
001 CTU_150187
008 210402s9999 xx 000 0 und d
020 |c 86500 
082 |a 336.201 
082 |b L312 
100 |a Nguyễn, Thị Mỹ Linh 
245 0 |a Thuế thực hành : 
245 0 |b (Lý thuyết, Bài tập và bài giải) 
245 0 |c Nguyễn Thị Mỹ Linh 
260 |a Hà Nội 
260 |b Thống kê 
260 |c 2008 
520 |a Sách trình bày tổng quan về thuế, hệ thống các thuế gián thu và trực thu, phí và lệ phí, quản lý thuế và xử lý vi phạm pháp luật về thuế và các bài tập thực hành. 
650 |a Taxation,Hệ thống thuế 
650 |z Vietnam,Việt Nam 
904 |i Trọng Hải 
980 |a Trung tâm Học liệu Trường Đại học Cần Thơ